Global geostrategy : Mackinder and the defence of the West /
"This book examines Mackinder's global geostrategic view, from the perspective of geography, diplomatic history, political science, international relations, imperial history and the space age."--Jacket.
Saved in:
| 其他作者: | |
|---|---|
| 格式: | 图书 |
| 语言: | English |
| 出版: |
London ; New York :
Frank Cass,
2005.
|
| 丛编: | Geopolitical theory series ;
[1]. |
| 主题: | |
| 标签: |
添加标签
没有标签, 成为第一个标记此记录!
|
| LEADER | 02182pam a22003494a 4500 | ||
|---|---|---|---|
| 001 | 009551841-X | ||
| 005 | 20080715140120.0 | ||
| 008 | 040415s2005 enka b 001 0 eng | ||
| 010 | |a 2004008330 | ||
| 020 | |a 071465700X (hardback) | ||
| 035 | 0 | |a ocm54974434 | |
| 040 | |a DLC |c DLC |d YDX | ||
| 042 | |a pcc | ||
| 043 | |a e------ | ||
| 050 | 0 | 4 | |a JC319 |b .G594 2005 |
| 082 | 0 | 0 | |a 327.1/01 |2 22 |
| 245 | 0 | 0 | |a Global geostrategy : |b Mackinder and the defence of the West / |c edited by Brian W. Blouet. |
| 260 | |a London ; |a New York : |b Frank Cass, |c 2005. | ||
| 300 | |a x, 177 p. : |b ill. ; |c 25 cm. | ||
| 490 | 1 | |a Geopolitical theory series ; |v [1] | |
| 504 | |a Includes bibliographical references (p. [173]-175) and index. | ||
| 505 | 0 | |a Halford Mackinder and the Pivotal heartland / Brian W. Blouet -- In defence of the heartland: Sir Halford Mackinder and his critics a hundred years on / Colin Gray -- The pivot and imperial defence policy / Robin A. Butlin -- The diplomatic context: Britain and international relations in 1904 / Pascal Venier -- Mackinder and British perceptions of Central Asia / Sarah O'Hara, Michael Hefferman, and Georgina Enfield -- The heartland in Russian history / Paul Coones -- Trading states, territorial states, and technology: Mackinder's contribution to the discourse on states and politics / Peter J. Hugill -- Mackinder and the geopolitics of Anglo-Jewish relations / Geoff Sloan -- Halford Mackinder and the Geographical pivot of history: a critical assessment / Klaus Dodds -- The geographical pivot of outer space / Everett Carl Dolman -- The heartland - then and now / David Hooson. | |
| 520 | 1 | |a "This book examines Mackinder's global geostrategic view, from the perspective of geography, diplomatic history, political science, international relations, imperial history and the space age."--Jacket. | |
| 600 | 1 | 0 | |a Mackinder, Halford John, |c Sir, |d 1861-1947. |
| 650 | 0 | |a Geopolitics. | |
| 650 | 0 | |a Geopolitics |z Europe. | |
| 650 | 0 | |a World politics |y 20th century. | |
| 600 | 1 | 0 | |a Mackinder, Halford John, |d 1861-1947. |
| 700 | 1 | |a Blouet, Brian W., |d 1936- | |
| 830 | 0 | |a Geopolitical theory series ; |v [1]. | |
| 988 | |a 20050215 | ||
| 906 | |0 DLC | ||


